[Event "DEM U12/U12w 2004"]
[Site "Willingen GER"]
[Date "2004.06.05"]
[Round "11"]
[White "Heimann, Andreas"]
[Black "Korman, Maxim"]
[Result "1/2-1/2"]
[Termination "normal"]
[Board "1"]
[WhiteElo "1808"]
[BlackElo "1719"]
[PlyCount "23"]
[WhiteFideId "24624632"]
[BlackFideId "24619787"]
[EventCountry "GER"]
[EventRounds "11"]
[EventType "swiss"]
[EventDate "2004.05.29"]

1. e4 e6 2. d4 d5 3. Nc3 Bb4 4. e5 c5 5. a3 Bxc3+ 6. bxc3 Qc7 7. Qg4 f5 8. exf6
Nxf6 9. Qg3 Qxg3 10. hxg3 O-O 11. f3 Nc6 12. Ne2 1/2-1/2

[Event "DEM U12/U12w 2004"]
[Site "Willingen GER"]
[Date "2004.06.05"]
[Round "11"]
[White "Zelbel, Patrick"]
[Black "Mazarov, Jürgen"]
[Result "1/2-1/2"]
[Termination "normal"]
[Board "2"]
[WhiteElo "1618"]
[BlackElo "1743"]
[PlyCount "29"]
[WhiteFideId "24624322"]
[BlackFideId "24617768"]
[EventCountry "GER"]
[EventRounds "11"]
[EventType "swiss"]
[EventDate "2004.05.29"]

1. e4 e5 2. Nf3 Nf6 3. Nxe5 d6 4. Nf3 Ng4 5. Nc3 Nf6 6. d4 d5 7. Bd3 Be7 8. O-O
O-O 9. Bg5 Bg4 10. Be2 c6 11. Re1 Nbd7 12. h3 Bh5 13. a4 a5 14. Qd2 Re8 15.
Rad1 1/2-1/2

[Event "DEM U12/U12w 2004"]
[Site "Willingen GER"]
[Date "2004.06.05"]
[Round "11"]
[White "Graf, Felix"]
[Black "Gadschisade, Machmud"]
[Result "1-0"]
[Termination "normal"]
[Board "3"]
[WhiteElo "2056"]
[BlackElo "1605"]
[PlyCount "67"]
[WhiteFideId "24608904"]
[BlackFideId "4647734"]
[EventCountry "GER"]
[EventRounds "11"]
[EventType "swiss"]
[EventDate "2004.05.29"]

1. d4 Nf6 2. c4 g6 3. Nc3 Bg7 4. e4 d6 5. f3 O-O 6. Be3 Ne8 7. Bd3 c6 8. Qd2 a6
9. Nge2 b5 10. cxb5 axb5 11. O-O f5 12. a4 bxa4 13. Rxa4 Nc7 14. Rfa1 Rxa4 15.
Rxa4 Nba6 16. Bc4+ Kh8 17. Qd3 Nb8 18. b4 Nd7 19. Ra2 e5 20. d5 cxd5 21. Nxd5
Nxd5 22. Bxd5 Nb6 23. Nc3 Qc7 24. Nb5 Qb8 25. Ra8 Nxa8 26. Ba7 Qxa7+ 27. Nxa7
Nc7 28. Nxc8 Rxc8 29. Qc4 fxe4 30. fxe4 Bh6 31. g3 Be3+ 32. Kg2 Bb6 33. Qc6 Rb8
34. Qxd6 1-0

[Event "DEM U12/U12w 2004"]
[Site "Willingen GER"]
[Date "2004.06.05"]
[Round "11"]
[White "Jorczik, Julian"]
[Black "Huschenbeth, Niclas"]
[Result "0-1"]
[Termination "normal"]
[Board "4"]
[WhiteElo "1792"]
[BlackElo "2100"]
[PlyCount "132"]
[WhiteFideId "24611719"]
[BlackFideId "24604747"]
[EventCountry "GER"]
[EventRounds "11"]
[EventType "swiss"]
[EventDate "2004.05.29"]

1. d4 Nf6 2. c4 g6 3. Nc3 d5 4. cxd5 Nxd5 5. e4 Nxc3 6. bxc3 c5 7. Bc4 Bg7 8.
Ne2 O-O 9. Be3 Nd7 10. Rc1 Qc7 11. Nf4 Nb6 12. Bd3 c4 13. Bb1 f5 14. exf5 Bxf5
15. Bxf5 Rxf5 16. Qg4 Qd7 17. Rd1 Raf8 18. O-O Rxf4 19. Qxd7 Nxd7 20. Bxf4 Rxf4
21. Rfe1 e5 22. dxe5 Nxe5 23. Rd8+ Rf8 24. Rxf8+ Kxf8 25. Rb1 b6 26. Rb4 g5 27.
Kf1 Ke7 28. Ke2 Kd6 29. a4 Kc6 30. f3 a6 31. h4 h6 32. hxg5 hxg5 33. Kd2 Kc5
34. Rb1 Nd3 35. Kc2 Be5 36. Rh1 Bf4 37. Rh5 Ne1+ 38. Kb2 Nxg2 39. Rh8 Ne1 40.
Rc8+ Kd5 41. Rd8+ Bd6 42. Rg8 Nxf3 43. Kc2 Ke4 44. Kd1 Kf4 45. Rg6 Bc5 46. Ke2
Ng1+ 47. Kf1 a5 48. Re6 Kf5 49. Re8 Nh3 50. Kg2 Nf4+ 51. Kg3 Nd3 52. Rd8 Nb2
53. Rd5+ Ke4 54. Rxg5 Nxa4 55. Rg4+ Kd3 56. Kf3 Nxc3 57. Rg8 a4 58. Rd8+ Kc2
59. Rh8 a3 60. Rh2+ Kd3 61. Rh1 a2 62. Ra1 Ba3 63. Re1 Nb1 64. Re3+ Kc2 65.
Re2+ Nd2+ 66. Ke3 Bc5+ 0-1

[Event "DEM U12/U12w 2004"]
[Site "Willingen GER"]
[Date "2004.06.05"]
[Round "11"]
[White "Smolkina, Milana"]
[Black "Strunski, Andreas"]
[Result "0-1"]
[Termination "normal"]
[Board "5"]
[WhiteElo "1678"]
[BlackElo "1942"]
[PlyCount "58"]
[WhiteFideId "24618780"]
[BlackFideId "24606073"]
[EventCountry "GER"]
[EventRounds "11"]
[EventType "swiss"]
[EventDate "2004.05.29"]

1. e4 e6 2. d4 d5 3. Nc3 Nf6 4. Bg5 Be7 5. e5 Ng8 6. h4 f6 7. exf6 Nxf6 8. Bd3
O-O 9. Bxf6 Bxf6 10. Nf3 c5 11. Qd2 cxd4 12. Nxd4 Bxd4 13. Bxh7+ Kxh7 14. Qxd4
Qf6 15. Qxf6 Rxf6 16. f3 Nc6 17. O-O-O Bd7 18. Ne2 Rc8 19. Kb1 Ne7 20. Nd4 Nf5
21. Nxf5 Rxf5 22. Rhe1 Rf4 23. h5 Rh4 24. Re5 Kh6 25. g4 Rf8 26. c4 Rxf3 27.
cxd5 exd5 28. Rexd5 Bxg4 29. Rd6+ Kh7 0-1

[Event "DEM U12/U12w 2004"]
[Site "Willingen GER"]
[Date "2004.06.05"]
[Round "11"]
[White "Fischer, Thomas"]
[Black "Specht, Christian"]
[Result "1-0"]
[Termination "normal"]
[Board "6"]
[WhiteElo "2041"]
[BlackElo "1471"]
[PlyCount "81"]
[WhiteFideId "4683277"]
[BlackFideId "24647985"]
[EventCountry "GER"]
[EventRounds "11"]
[EventType "swiss"]
[EventDate "2004.05.29"]

1. Nf3 f5 2. g3 Nf6 3. Bg2 g6 4. O-O Bg7 5. c4 O-O 6. Nc3 d6 7. d3 Nc6 8. Rb1
Nh5 9. Bd2 f4 10. b4 e5 11. Qb3 Be6 12. b5 Ne7 13. Ng5 Bf7 14. Nxf7 Rxf7 15.
Bxb7 Rb8 16. Bg2 c6 17. a4 Kh8 18. Qa2 c5 19. Nd5 fxg3 20. hxg3 Nxd5 21. Bxd5
Rf8 22. Kg2 Qd7 23. Bf3 Rf7 24. Rh1 Nf6 25. a5 Re7 26. Qc2 Qf5 27. Bh6 Qd7 28.
Bxg7+ Kxg7 29. b6 a6 30. b7 Ne8 31. Rb6 Nc7 32. Ra1 Rf7 33. Qa4 Qxa4 34. Rxa4
Rf6 35. Ra3 Kf7 36. Rab3 Ke7 37. Rc6 Kd7 38. Rbb6 h5 39. Rxc5 Re6 40. Rcc6 Rf6
41. c5 1-0

[Event "DEM U12/U12w 2004"]
[Site "Willingen GER"]
[Date "2004.06.05"]
[Round "11"]
[White "Tkachuk, Konstantyn"]
[Black "Blübaum, Johanna"]
[Result "1-0"]
[Termination "normal"]
[Board "7"]
[WhiteElo "1814"]
[BlackElo "1443"]
[PlyCount "65"]
[WhiteFideId "24647330"]
[BlackFideId "24647373"]
[EventCountry "GER"]
[EventRounds "11"]
[EventType "swiss"]
[EventDate "2004.05.29"]

1. e4 e6 2. d4 d5 3. e5 c5 4. Qg4 cxd4 5. Nf3 Nc6 6. Bd3 Qc7 7. Qg3 f6 8. exf6
Qxg3 9. f7+ Kxf7 10. hxg3 Be7 11. Bxh7 Kf8 12. Rh2 e5 13. Bg6 Rxh2 14. Nxh2 Bf6
15. c3 Nge7 16. Bc2 e4 17. cxd4 Nb4 18. Na3 Bxd4 19. f3 Bf5 20. fxe4 dxe4 21.
Bd2 Ned5 22. O-O-O Nd3+ 23. Bxd3 exd3 24. Rf1 Ne3 25. Bxe3 Bxe3+ 26. Kb1 Rc8
27. Rxf5+ Kg8 28. Rf1 d2 29. Nc2 Bg5 30. Nf3 Bh6 31. Rd1 Rd8 32. Ncd4 a6 33.
Nf5 1-0

[Event "DEM U12/U12w 2004"]
[Site "Willingen GER"]
[Date "2004.06.05"]
[Round "11"]
[White "Hirneise, Jens"]
[Black "Kordts, Florian"]
[Result "0-1"]
[Termination "normal"]
[Board "8"]
[WhiteElo "1757"]
[BlackElo "1669"]
[PlyCount "132"]
[WhiteFideId "24614734"]
[BlackFideId "24626856"]
[EventCountry "GER"]
[EventRounds "11"]
[EventType "swiss"]
[EventDate "2004.05.29"]

1. e4 c5 2. Nf3 Nc6 3. d4 cxd4 4. Nxd4 g6 5. Nc3 Bg7 6. Be3 d6 7. Bc4 Nf6 8.
Bb3 Ng4 9. Nxc6 bxc6 10. Bf4 Nf6 11. Qd2 Qa5 12. O-O O-O 13. Bh6 Ba6 14. Rfe1
Rfd8 15. Bxg7 Kxg7 16. Rad1 Rac8 17. Qe3 Qb6 18. Qf4 e5 19. Qf3 Rc7 20. Rd2
Rcd7 21. g4 h6 22. h4 Qc7 23. Red1 Bc8 24. Kh2 Re7 25. Rg1 Be6 26. g5 hxg5 27.
Bxe6 Rxe6 28. hxg5 Rh8+ 29. Kg2 Nh5 30. Ne2 f6 31. Qg4 Qe7 32. Kf1 Qf7 33. Ke1
fxg5 34. Qxg5 Rf6 35. Ng3 Nxg3 36. Qxg3 Qxa2 37. Qb3 Qxb3 38. cxb3 Rh3 39. Rg3
Rxg3 40. fxg3 Kf7 41. Ke2 Ke6 42. Rc2 Kd7 43. Rc1 Kc7 44. Ke3 Rf8 45. Rh1 Rb8
46. Rh7+ Kb6 47. Kd3 Rb7 48. Rh8 Kc5 49. Kc3 Rb4 50. Rg8 Rxe4 51. Rxg6 Re3+ 52.
Kc2 Re2+ 53. Kc3 Rg2 54. g4 d5 55. b4+ Kb5 56. g5 Rg3+ 57. Kc2 Kxb4 58. Rg8 d4
59. g6 Kc4 60. g7 e4 61. b3+ Kc5 62. b4+ Kc4 63. Re8 Rxg7 64. Rxe4 Rg2+ 65. Kc1
Kc3 66. Kd1 d3 0-1

[Event "DEM U12/U12w 2004"]
[Site "Willingen GER"]
[Date "2004.06.05"]
[Round "11"]
[White "Kaphle, Stephan"]
[Black "Hobusch, Alexander"]
[Result "0-1"]
[Termination "normal"]
[Board "9"]
[WhiteElo "1597"]
[BlackElo "1735"]
[PlyCount "90"]
[WhiteFideId "24629103"]
[BlackFideId "24611387"]
[EventCountry "GER"]
[EventRounds "11"]
[EventType "swiss"]
[EventDate "2004.05.29"]

1. e4 e6 2. d4 d5 3. e5 c5 4. c3 Nc6 5. Nf3 Bd7 6. a3 c4 7. b4 cxb3 8. Qxb3 Na5
9. Qc2 Ne7 10. Bd3 Rc8 11. Nbd2 Qc7 12. Bb2 Ng6 13. g3 Be7 14. O-O Bc6 15. Ne1
Nf8 16. f4 g6 17. Nef3 Nd7 18. g4 Nb6 19. Kf2 Ba4 20. Qb1 Nb3 21. Nxb3 Bxb3 22.
Nd2 Bc4 23. Nxc4 Nxc4 24. Rc1 Qb6 25. Bxc4 Rxc4 26. Qc2 O-O 27. g5 Rfc8 28. Qd2
Ra4 29. Ra2 Qc6 30. h3 Qc4 31. Rca1 Bd8 32. Qd1 b5 33. Bc1 Qxc3 34. Be3 Qc6 35.
Qb3 Rc4 36. Kf3 Bb6 37. Rd2 Rc3 38. Qb2 Qc4 39. Rad1 Rb3 40. Qa1 Qc3 41. Qxc3
Rcxc3 42. Re2 Rxa3 43. Kf2 b4 44. Rb1 a5 45. h4 Rxe3 0-1

[Event "DEM U12/U12w 2004"]
[Site "Willingen GER"]
[Date "2004.06.05"]
[Round "11"]
[White "Maier, Maximilian"]
[Black "Schäfer, Alexander"]
[Result "1-0"]
[Termination "normal"]
[Board "10"]
[WhiteElo "1510"]
[BlackElo "1701"]
[PlyCount "93"]
[BlackFideId "24615196"]
[EventCountry "GER"]
[EventRounds "11"]
[EventType "swiss"]
[EventDate "2004.05.29"]

1. d4 Nf6 2. c4 e6 3. Nf3 b6 4. a3 Bb7 5. Nc3 d5 6. Bg5 Be7 7. e3 O-O 8. cxd5
Nxd5 9. Bxe7 Qxe7 10. Bd3 Nd7 11. O-O f5 12. Rc1 c5 13. Bc4 Nxc3 14. Rxc3 Rf6
15. d5 Rg6 16. Rd3 Kh8 17. dxe6 Ne5 18. Nxe5 Rxg2+ 19. Kh1 Rxf2+ 20. Bd5 Bxd5+
21. Rxd5 Rxf1+ 22. Qxf1 Qxe6 23. Qc4 Re8 24. Qd3 h6 25. Nc4 Qe4+ 26. Qxe4 Rxe4
27. Nd2 Rxe3 28. Kg1 f4 29. Kf2 g5 30. Rd8+ Kg7 31. Rd7+ Kg6 32. Rxa7 Kf5 33.
Rf7+ Kg4 34. Rf6 h5 35. Rxb6 Kh3 36. a4 g4 37. a5 Kxh2 38. Nf1+ Kh3 39. Nxe3
g3+ 40. Kg1 fxe3 41. Re6 Kg4 42. Rxe3 h4 43. Rxg3+ Kxg3 44. a6 h3 45. a7 h2+
46. Kh1 c4 47. a8=Q 1-0

[Event "DEM U12/U12w 2004"]
[Site "Willingen GER"]
[Date "2004.06.05"]
[Round "11"]
[White "Mihok, Oliver"]
[Black "Nuber, Blasius"]
[Result "1-0"]
[Termination "normal"]
[Board "11"]
[WhiteElo "2074"]
[BlackElo "1763"]
[PlyCount "43"]
[WhiteFideId "728012"]
[BlackFideId "24620289"]
[EventCountry "GER"]
[EventRounds "11"]
[EventType "swiss"]
[EventDate "2004.05.29"]

1. e4 Nf6 2. e5 Nd5 3. d4 d6 4. c4 Nb6 5. exd6 cxd6 6. Nc3 Nc6 7. Be3 g6 8. Rc1
Bg7 9. b3 O-O 10. d5 Ne5 11. Be2 Bf5 12. f4 Rc8 13. fxe5 Bxe5 14. Nf3 Bg7 15.
Nd4 Bd7 16. O-O e5 17. dxe6 fxe6 18. Rxf8+ Bxf8 19. Ndb5 Bxb5 20. Nxb5 a6 21.
Nd4 Qd7 22. Bg4 1-0

[Event "DEM U12/U12w 2004"]
[Site "Willingen GER"]
[Date "2004.06.05"]
[Round "11"]
[White "Kachibadze, Georg"]
[Black "Eibl, Maximilian"]
[Result "1-0"]
[Termination "normal"]
[Board "12"]
[WhiteElo "1865"]
[BlackElo "1548"]
[PlyCount "89"]
[WhiteFideId "24640794"]
[BlackFideId "24620092"]
[EventCountry "GER"]
[EventRounds "11"]
[EventType "swiss"]
[EventDate "2004.05.29"]

1. e4 c5 2. Nf3 d6 3. d4 cxd4 4. Nxd4 Nf6 5. Nc3 a6 6. Bg5 e6 7. Qf3 Be7 8.
O-O-O Qc7 9. Be2 Nbd7 10. Qg3 b5 11. Bxb5 axb5 12. Ndxb5 Qa5 13. Nxd6+ Bxd6 14.
Rxd6 O-O 15. Rhd1 Qa7 16. f4 Kh8 17. Qd3 Nc5 18. Qd4 Nfd7 19. f5 e5 20. Qg1 Ba6
21. Be3 Qc7 22. R6d5 Rfc8 23. Bxc5 Nxc5 24. Rxc5 Qxc5 25. Rd8+ Rxd8 26. Qxc5 f6
27. h4 Rac8 28. Qe3 Rd4 29. b3 Rcd8 30. Nd5 Rc8 31. Kb2 Bb7 32. c4 Rb8 33. Kc3
h6 34. g4 Bxd5 35. cxd5 Rbb4 36. g5 hxg5 37. hxg5 Rxe4 38. Qc5 Rb8 39. g6 Rd4
40. Qc7 Rdb4 41. d6 R4b7 42. Qc6 Ra7 43. Qh1+ Kg8 44. Qh7+ Kf8 45. Qh8# 1-0

[Event "DEM U12/U12w 2004"]
[Site "Willingen GER"]
[Date "2004.06.05"]
[Round "11"]
[White "Schrödter, Thomas"]
[Black "Billing, Alexander"]
[Result "1/2-1/2"]
[Termination "normal"]
[Board "13"]
[WhiteElo "1827"]
[BlackElo "1533"]
[PlyCount "29"]
[BlackFideId "24624420"]
[EventCountry "GER"]
[EventRounds "11"]
[EventType "swiss"]
[EventDate "2004.05.29"]

1. d4 e6 2. c4 d5 3. Nc3 c6 4. Nf3 Nf6 5. Bg5 Be7 6. e3 h6 7. Bh4 O-O 8. Qc2
Nbd7 9. cxd5 exd5 10. Bd3 Nb6 11. O-O Be6 12. Rfc1 Re8 13. Na4 Nxa4 14. Qxa4
Nh5 15. Bxe7 1/2-1/2

[Event "DEM U12/U12w 2004"]
[Site "Willingen GER"]
[Date "2004.06.05"]
[Round "11"]
[White "Orhan, Zilan"]
[Black "Colpe, Malte"]
[Result "0-1"]
[Termination "normal"]
[Board "15"]
[WhiteElo "1626"]
[BlackElo "1520"]
[PlyCount "84"]
[WhiteFideId "24624640"]
[BlackFideId "24623075"]
[EventCountry "GER"]
[EventRounds "11"]
[EventType "swiss"]
[EventDate "2004.05.29"]

1. e4 c5 2. d4 cxd4 3. c3 Nf6 4. e5 Nd5 5. cxd4 e6 6. Nc3 Nxc3 7. bxc3 Qc7 8.
Bd2 d6 9. Nf3 Nc6 10. exd6 Bxd6 11. Bd3 O-O 12. Bxh7+ Kxh7 13. Ng5+ Kg6 14. Qf3
f5 15. h4 Kf6 16. Nh7+ Kf7 17. Nxf8 Bxf8 18. Qh5+ Kg8 19. O-O Qf7 20. Qe2 Bd7
21. Rab1 b6 22. Rfe1 Bd6 23. Qf3 Re8 24. Bf4 Be7 25. Bg3 Bf6 26. Re3 Ne7 27.
Rbe1 Bc6 28. Qe2 Nd5 29. Rxe6 Rxe6 30. Qxe6 Bd7 31. Qd6 Nxc3 32. Qb8+ Kh7 33.
Qxa7 Bxd4 34. a4 f4 35. Bh2 f3 36. Qa6 b5 37. Qa8 bxa4 38. Qb7 fxg2 39. Qxg2
Qf6 40. Bg3 Bc6 41. Qf1 Qf3 42. Kh2 a3 0-1

[Event "DEM U12/U12w 2004"]
[Site "Willingen GER"]
[Date "2004.06.05"]
[Round "11"]
[White "Raykhman, Alexsander"]
[Black "Kohm, Vanessa"]
[Result "1-0"]
[Termination "normal"]
[Board "16"]
[WhiteElo "1609"]
[BlackElo "1315"]
[PlyCount "120"]
[BlackFideId "4674472"]
[EventCountry "GER"]
[EventRounds "11"]
[EventType "swiss"]
[EventDate "2004.05.29"]

1. d4 d5 2. c4 Bf5 3. Nc3 e6 4. Bf4 a6 5. e3 Nc6 6. a3 Bd6 7. Bxd6 Qxd6 8. cxd5
exd5 9. Qb3 O-O-O 10. Nf3 f6 11. Be2 Nge7 12. Na4 Nb8 13. Rc1 b5 14. Nc5 Nd7
15. a4 Nb6 16. axb5 axb5 17. Qxb5 Qc6 18. Qa6+ Kb8 19. Bb5 Qa8 20. Qxa8+ Nxa8
21. Nh4 Rd6 22. Nxf5 Nxf5 23. Rc2 Kc8 24. Bd3 Nh4 25. g3 Nf3+ 26. Ke2 Ng5 27.
h4 Nf7 28. Rhc1 Re8 29. Na6 Re7 30. Nb4 g6 31. Nc6 Ree6 32. h5 f5 33. Ba6+ Kd7
34. Bb7 Nb6 35. Nb8+ Ke7 36. Rxc7+ Kf6 37. hxg6 hxg6 38. R7c6 Nd8 39. Rxd6 Rxd6
40. Ba6 Na4 41. b3 Nb6 42. b4 Nd7 43. Nxd7+ Rxd7 44. b5 Ra7 45. Rc8 Nf7 46. Rb8
Nd6 47. Kd3 Ke7 48. Kc3 Ne4+ 49. Kb4 Nd6 50. Ka5 Nc4+ 51. Kb4 g5 52. Rb7+ Rxb7
53. Bxb7 Kd6 54. Bc8 Kc7 55. Bxf5 Kd6 56. Bd3 Nb6 57. Ka5 Nc8 58. Ka6 Kc7 59.
Bf5 Nb6 60. f4 Nc4 1-0

[Event "DEM U12/U12w 2004"]
[Site "Willingen GER"]
[Date "2004.06.05"]
[Round "11"]
[White "Doberitz, Paul"]
[Black "Pfefferkorn, Adrian"]
[Result "1-0"]
[Termination "normal"]
[Board "17"]
[WhiteElo "1576"]
[BlackElo "1285"]
[PlyCount "59"]
[WhiteFideId "24646130"]
[EventCountry "GER"]
[EventRounds "11"]
[EventType "swiss"]
[EventDate "2004.05.29"]

1. e4 c5 2. Nf3 d6 3. d4 cxd4 4. Nxd4 Nf6 5. Nc3 a6 6. Be3 e6 7. Be2 Nbd7 8. g4
h6 9. f4 b5 10. Bf3 Bb7 11. g5 hxg5 12. fxg5 Nh7 13. h4 Be7 14. Qe2 Qc7 15. a3
Nhf8 16. h5 Ne5 17. O-O-O Nc4 18. Bd2 Rc8 19. Rdg1 Nd7 20. g6 f6 21. h6 Nc5 22.
hxg7 Rg8 23. Rh8 Kd7 24. Rh7 Ne5 25. Bg4 Nxg4 26. Qxg4 f5 27. exf5 Bd5 28. Nxd5
exd5 29. f6+ Kd8 30. Rh8 1-0

[Event "DEM U12/U12w 2004"]
[Site "Willingen GER"]
[Date "2004.06.05"]
[Round "11"]
[White "Jung, Gerhard"]
[Black "Dzodziev, Daniel"]
[Result "1/2-1/2"]
[Termination "normal"]
[Board "19"]
[WhiteElo "1386"]
[BlackElo "1544"]
[PlyCount "29"]
[WhiteFideId "24629812"]
[EventCountry "GER"]
[EventRounds "11"]
[EventType "swiss"]
[EventDate "2004.05.29"]

1. e4 e5 2. Nf3 Nc6 3. Nc3 Nf6 4. d4 exd4 5. Nd5 Nxd5 6. exd5 Bb4+ 7. Bd2 Qe7+
8. Be2 Bxd2+ 9. Qxd2 Nb4 10. Nxd4 O-O 11. c4 Na6 12. O-O d6 13. Rfe1 Qf6 14.
Nf3 Bd7 15. Qd4 1/2-1/2

[Event "DEM U12/U12w 2004"]
[Site "Willingen GER"]
[Date "2004.06.05"]
[Round "11"]
[White "Lobmeyer, Fabian"]
[Black "Günnigmann, Manuel"]
[Result "1/2-1/2"]
[Termination "normal"]
[Board "20"]
[WhiteElo "1522"]
[BlackElo "1383"]
[PlyCount "56"]
[WhiteFideId "24659681"]
[BlackFideId "24640360"]
[EventCountry "GER"]
[EventRounds "11"]
[EventType "swiss"]
[EventDate "2004.05.29"]

1. d4 d5 2. c4 e6 3. Nc3 Nf6 4. Bg5 Nbd7 5. cxd5 exd5 6. e3 c6 7. Nf3 Be7 8.
Qc2 O-O 9. Bd3 Re8 10. O-O Ne4 11. Nxe4 dxe4 12. Bxe4 Bxg5 13. Bxh7+ Kh8 14.
Qf5 Nf6 15. Qxg5 Nxh7 16. Qxd8 Rxd8 17. Ne5 Kg8 18. Rad1 f6 19. Nc4 Be6 20. b3
Bxc4 21. bxc4 Rac8 22. a4 f5 23. f3 Nf6 24. Rb1 Rd7 25. Rb3 Re8 26. Rd1 Kf7 27.
Kf2 Ke7 28. Rbd3 Red8 1/2-1/2

[Event "DEM U12/U12w 2004"]
[Site "Willingen GER"]
[Date "2004.06.05"]
[Round "11"]
[White "Endress, Anna"]
[Black "Giesler, Julius"]
[Result "1-0"]
[Termination "normal"]
[Board "21"]
[WhiteElo "1755"]
[BlackElo "1394"]
[PlyCount "113"]
[WhiteFideId "24629472"]
[EventCountry "GER"]
[EventRounds "11"]
[EventType "swiss"]
[EventDate "2004.05.29"]

1. e4 e5 2. Nf3 Nf6 3. Nxe5 d6 4. Nc4 Nxe4 5. d4 d5 6. Ne3 Nc6 7. c3 Be6 8. Bd3
f5 9. O-O Qf6 10. f3 Nd6 11. Re1 O-O-O 12. a4 h5 13. b4 g5 14. Bb2 g4 15. a5
Bh6 16. b5 Ne7 17. Qe2 Ng6 18. g3 Rde8 19. f4 h4 20. c4 hxg3 21. hxg3 Bg7 22.
c5 Rh3 23. Nf1 Nf7 24. Qg2 Ne7 25. b6 a6 26. bxc7 Reh8 27. Nbd2 R8h5 28. Kf2
Qh6 29. Rxe6 Qxe6 30. Be2 Kxc7 31. Rc1 Nc6 32. Nb3 Rh8 33. Re1 Qd7 34. Bd1 Nb4
35. Be2 Re8 36. Nc1 Re4 37. Rd1 Qa4 38. Rd2 Qxa5 39. Bc3 Qa4 40. Bd1 Qb5 41.
Be2 Qa4 42. Bd1 Qa3 43. Bb2 Bxd4+ 44. Bxd4 Qxc1 45. Be3 Qa3 46. Be2 Qa4 47. Bd1
Qd7 48. Bf3 Rc4 49. Bxd5 Nxd5 50. Rxd5 Qe6 51. Kg1 Rc3 52. Qd2 Ra3 53. Kf2 a5
54. Kg1 a4 55. Rd4 Ra1 56. Qa5+ Kc6 57. Qb6# 1-0

[Event "DEM U12/U12w 2004"]
[Site "Willingen GER"]
[Date "2004.06.05"]
[Round "11"]
[White "Mertens, Pauline"]
[Black "Schmitt, Philipp"]
[Result "1/2-1/2"]
[Termination "normal"]
[Board "22"]
[WhiteElo "1375"]
[BlackElo "1691"]
[PlyCount "100"]
[WhiteFideId "24671959"]
[BlackFideId "24641766"]
[EventCountry "GER"]
[EventRounds "11"]
[EventType "swiss"]
[EventDate "2004.05.29"]

1. e4 d5 2. exd5 Qxd5 3. Nc3 Qd6 4. d4 Nf6 5. Nge2 Bg4 6. f3 Bf5 7. Ng3 Bg6 8.
Be2 a6 9. Be3 e6 10. O-O Nc6 11. Nce4 Nxe4 12. Nxe4 Qd7 13. c3 Be7 14. Qd2 O-O
15. Bd3 Rad8 16. Rad1 Rfe8 17. Qc2 Bf8 18. Bg5 Be7 19. Bxe7 Qxe7 20. Rfe1 Qf8
21. Nf2 Bxd3 22. Nxd3 h6 23. Ne5 Nxe5 24. Rxe5 Re7 25. Qe2 Red7 26. Re1 Rd5 27.
Qf2 Qd6 28. a3 Kf8 29. Rxd5 Qxd5 30. Qg3 Rd7 31. Re5 Qb3 32. Qf2 Rd5 33. Rxd5
Qd1+ 34. Qf1 Qxf1+ 35. Kxf1 exd5 36. Kf2 Ke7 37. Ke3 Ke6 38. Kf4 a5 39. b3 b5
40. h3 a4 41. b4 Kf6 42. g3 g5+ 43. Ke3 Kf5 44. Kd3 h5 45. Ke3 g4 46. hxg4+
hxg4 47. f4 c6 48. Kd3 Ke6 49. Ke3 Kf5 50. Kd3 f6 1/2-1/2

[Event "DEM U12/U12w 2004"]
[Site "Willingen GER"]
[Date "2004.06.05"]
[Round "11"]
[White "Vollmer, Jürgen"]
[Black "Mohr, Fides"]
[Result "1-0"]
[Termination "normal"]
[Board "23"]
[WhiteElo "1571"]
[BlackElo "1389"]
[PlyCount "82"]
[EventCountry "GER"]
[EventRounds "11"]
[EventType "swiss"]
[EventDate "2004.05.29"]

1. d4 d5 2. Nf3 e6 3. e3 c6 4. Bd3 f5 5. c4 Nf6 6. Nc3 Nbd7 7. O-O Be7 8. a3
O-O 9. Ng5 Nb8 10. Qc2 Ne4 11. Nf3 Rf6 12. Ne5 Nd7 13. f4 Rh6 14. Bxe4 fxe4 15.
b3 Qe8 16. Bb2 Qh5 17. h3 Nxe5 18. dxe5 Rg6 19. Kh1 Bd7 20. Rad1 Rf8 21. Qe2
Qh6 22. Nxe4 Be8 23. Nd6 Bxd6 24. exd6 Qh4 25. Bd4 Rh6 26. Qf2 Qg4 27. Bxa7 Rf5
28. Qf3 Qg6 29. g4 Rf8 30. Bd4 Bd7 31. Rg1 Qe8 32. Qg3 Qd8 33. b4 g5 34. fxg5
Qxg5 35. Rdf1 Rxf1 36. Rxf1 e5 37. Bxe5 Bxg4 38. Bf4 Rxh3+ 39. Qxh3 Bxh3 40.
Bxg5 Bxf1 41. d7 Bxc4 1-0

[Event "DEM U12/U12w 2004"]
[Site "Willingen GER"]
[Date "2004.06.05"]
[Round "11"]
[White "Penne, Bo"]
[Black "Wolf, Isaak"]
[Result "1-0"]
[Termination "normal"]
[Board "24"]
[WhiteElo "1532"]
[BlackElo "1262"]
[PlyCount "177"]
[WhiteFideId "24642193"]
[EventCountry "GER"]
[EventRounds "11"]
[EventType "swiss"]
[EventDate "2004.05.29"]

1. g3 e5 2. Bg2 d5 3. d3 Nf6 4. Bg5 Be7 5. e3 O-O 6. Ne2 Bf5 7. O-O Nc6 8. c3
Qd7 9. Re1 Rad8 10. a4 Rfe8 11. d4 e4 12. Bxf6 Bxf6 13. Nd2 Bg4 14. c4 Qf5 15.
cxd5 Rxd5 16. Qc2 Nb4 17. Qb1 Nd3 18. Nf4 Nxe1 19. Nxd5 Nxg2 20. Nxf6+ Qxf6 21.
Kxg2 Re6 22. Qc2 Bf3+ 23. Nxf3 Qxf3+ 24. Kg1 Rc6 25. Qb3 Rb6 26. Qc4 Rxb2 27.
Rf1 c6 28. Qc5 Rb6 29. a5 Ra6 30. Qe7 g6 31. Qxb7 Rxa5 32. Qxc6 Qf5 33. Rc1 Qh3
34. Qxe4 Rh5 35. Qh1 Kg7 36. Rc5 Rxc5 37. dxc5 Qf5 38. Qc6 a5 39. Qb5 a4 40.
Qxa4 Qxc5 41. Qa1+ f6 42. Qb2 Qf5 43. Qb7+ Kh6 44. Kg2 g5 45. Qf3 Kg6 46. h3 h5
47. g4 hxg4 48. hxg4 Qe5 49. e4 Qe6 50. Qf5+ Qxf5 51. exf5+ Kf7 52. Kf3 Ke7 53.
Ke4 Kd6 54. Kd4 Kc6 55. Ke4 Kd6 56. f4 gxf4 57. Kxf4 Ke7 58. Ke4 Kd6 59. Kd4
Kc6 60. Kc4 Kd6 61. Kd4 Kc6 62. Ke4 Kd6 63. Kf4 Ke7 64. Kg3 Kf7 65. Kh4 Kg7 66.
Kh5 Kh7 67. g5 Kg7 68. g6 Kg8 69. Kh6 Kh8 70. Kh5 Kg7 71. Kg4 Kf8 72. Kf4 Ke7
73. Ke4 Kf8 74. Kd5 Ke7 75. Kc6 Ke8 76. Kd6 Kf8 77. Ke6 Kg7 78. Ke7 Kg8 79.
Kxf6 Kf8 80. g7+ Kg8 81. Ke7 Kxg7 82. f6+ Kg6 83. f7 Kg5 84. f8=Q Kg4 85. Ke6
Kg3 86. Ke5 Kg4 87. Qf4+ Kh5 88. Qg3 Kh6 89. Kf6 1-0

[Event "DEM U12/U12w 2004"]
[Site "Willingen GER"]
[Date "2004.06.05"]
[Round "11"]
[White "Cornish, Alexander"]
[Black "Hinz, Arne"]
[Result "0-1"]
[Termination "normal"]
[Board "25"]
[WhiteElo "1404"]
[BlackElo "1524"]
[PlyCount "82"]
[BlackFideId "24634875"]
[EventCountry "GER"]
[EventRounds "11"]
[EventType "swiss"]
[EventDate "2004.05.29"]

1. e4 e5 2. Nf3 Nf6 3. Nxe5 d6 4. Nf3 Nxe4 5. d4 d5 6. Bd3 Bd6 7. O-O O-O 8.
Re1 Re8 9. c3 c6 10. Nbd2 f5 11. Qb3 Kh8 12. h3 Nd7 13. Kf1 Ndf6 14. Nxe4 fxe4
15. Ng5 Qc7 16. f3 exd3 17. c4 Rxe1+ 18. Kxe1 Qe7+ 19. Kd2 Bb4+ 20. Kxd3 Bf5+
21. Ne4 dxe4+ 22. Ke3 exf3+ 23. Kxf3 Qe4+ 24. Kg3 Bd6+ 25. Kf2 Qc2+ 26. Qxc2
Bxc2 27. Be3 Rf8 28. Ke2 Bg6 29. c5 Bc7 30. Rc1 Nd5 31. Bg1 Nf4+ 32. Kd2 Nxg2
33. Rc3 Ba5 34. a3 Bxc3+ 35. Kxc3 Rf3+ 36. Kc4 Bf7+ 37. Kb4 Rb3+ 38. Ka4 Rxb2
39. Bh2 Ne3 40. Bb8 Bg6 41. Bxa7 Bc2+ 0-1